| 000 | 00843nam a22002297a 4500 | ||
|---|---|---|---|
| 003 | UA-OsUOA | ||
| 001 | 26169 | ||
| 007 | ta | ||
| 008 | 20040517b un ||||| |||| 00| 0 ukr d | ||
| 090 |
_a512 _bМ43 |
||
| 942 | _cBK | ||
| 040 |
_aUA-OsUOA _brus _cUA-OsUOA _dUA-OsUOA |
||
| 245 |
_aМеждународная конференция по алгебре, посвященная памяти А.И. Ширшова(1921-1981) _bТезисы докладов по алгебраической геометрии и применениям алгебры к геометрии, анализу и теоретической физике _cРед. В.Н.Герасимов |
||
| 300 | _a87 с. | ||
| 955 | _a0 | ||
| 041 | _arus | ||
| 080 | _a512 | ||
| 260 |
_aНовосибирск _c1991 |
||
| 044 | _aRU | ||
| 650 | 7 | _2UDC | |
| 999 |
_c312483 _d312483 |
||